LEADER 01353nam 2200373 450 001 000010167 005 20070503173500.0 100 $a20020218d1847----km-y0itay0103----ba 101 0 $aita 102 $aIT 200 1 $aScritti di F. D. Guerrazzi 200 1 $a1 $n0006197 210 $aFirenze$c<> Le Monnier$d1847 215 $aXXIV, 492 p.$d19 cm. 327 $aVeronica Cybo ; La Serpicina ; I nuovi tartufi ; Pensieri ; Discorsi ; Illustrazioni ; Traduzioni ; I bianchi e i neri 676 $a858.7$v(20. ed.)$9Miscellanea italiana. Periodo romantico. 700 1$aGuerrazzi,$bFrancesco Domenico$0177415 801 0$aIT$bUniversità della Basilicata - B.I.A.$gRICA$2unimarc 912 $a000010167 996 $aScritti di F. D. Guerrazzi$976682 997 $aUNIBAS BAS $aMONLET BAS $aMONOGR BAS $aLETTERE CAT $aSTD016$b01$c20020218$lBAS01$h1105 CAT $aTROMBONE$b01$c20020320$lBAS01$h1132 CAT $c20050601$lBAS01$h1754 CAT $abatch$b01$c20050718$lBAS01$h1050 CAT $c20050718$lBAS01$h1109 CAT $c20050718$lBAS01$h1139 CAT $c20050718$lBAS01$h1154 CAT $aBATCH$b00$c20070503$lBAS01$h1735 FMT Z30 -1$lBAS01$LBAS01$mBOOK$1BASA1$APolo Storico-Umanistico$2GEN$BCollezione generale$3FP/87171$687171$5L87171$820020218$f02$FPrestabile Generale